| 000 | 00781cab a22001935a 4500 | ||
|---|---|---|---|
| 001 | L144035 | ||
| 008 | 080612e20080530xxk f 000 0 eng d | ||
| 035 | _a(Sirsi) u144035 | ||
| 041 | 0 | _aeng | |
| 100 | 1 | _aDean, Janet | |
| 245 | 0 | 4 | _aThe masterplan |
| 260 | _c2008 | ||
| 490 | 0 |
_aInside Housing _v30 May 2008, 22-23(2) |
|
| 520 | _aDiscusses how local authorities can use their strategic housing role to help the Government and their partners by using housing to create great places. Argues that housing is not simply a numbers game, but should be about place-shaping. Explains what the IDEA is doing to support good practice in housing policy and practice. | ||
| 590 | _aKA | ||
| 651 | 4 |
_aEngland and Wales _y1543- |
|
| 690 |
_aPlanning and development _96259 |
||
| 942 | _n0 | ||
| 999 |
_c80338 _d80338 |
||